| 000 | nam a22 a 4500 | ||
|---|---|---|---|
| 999 |
_c432846 _d432846 |
||
| 003 | BLK | ||
| 005 | 20220210083930.0 | ||
| 008 | 180408b bul|||||r ||||||| ||bul|| | ||
| 020 | _a9789547128224 | ||
| 040 | _aBLK | ||
| 041 |
_aBUL _cBUL |
||
| 072 | 7 |
_2bullib _aК _xКраезнание |
|
| 072 | 7 |
_2bullib _aЯ _xАвтографи |
|
| 080 |
_aВисше образование. Висши учебни заведения _b378 _x(497.215)(091) _z378(497.215)(091) |
||
| 100 | 1 |
_aКолев, Атанас Славков _eпърви автор _9243530 |
|
| 139 |
_aКолев, Атанас Славков _bК 78 |
||
| 245 | 1 | 0 |
_aТранспортен факултет на русенския университет _b1987-2020 г. _cАтанас Славков Колев |
| 260 |
_aРусе _bРусенски унив. Ангел Кънчев _c2021 _fРусе : АИ Русенски университет 2021 _9209410 _n978-954-712- ; 978-619-7071- ; 978-954-92342- ; 978-954-8467 |
||
| 300 |
_a326 с. _bсъс сн. _c23 см |
||
| 380 | _a62 | ||
| 501 | _aС авт. от автора | ||
| 650 | 7 |
_aТранспорт _9173907 |
|
| 651 | 4 |
_aРусе _9179462 |
|
| 653 | 0 |
_aтранспортен факултет _9465174 |
|
| 653 | _aРусе | ||
| 659 | _aК | ||
| 659 | _aЯ | ||
| 852 |
_bК _cК 62/К 78 А |
||
| 852 |
_bК _cК 378/К 78 А |
||
| 856 | 4 | _qpdf | |
| 856 | 4 | _qpdf | |
| 942 |
_cKNG _n0 _s1 |
||
| 944 |
_aCR _c2021-09-28 _kК.Д. |
||
| 999 | _d432846 | ||
| 999 | _d432846 | ||
| 999 | _d432846 | ||
| 999 | _d432846 | ||
| 999 | _d432846 | ||
| 999 | _d432846 | ||
| 999 | _d432846 | ||